Copa Libertadores Winners: Starting XI (1960–1991) - Estadísticas

Estadísticas generales
  • Esta prueba ha sido intentada 13 veces
  • La puntuación promedio es 70 de 352
Estadísticas de respuestas
Campeones Copa Libertadores 1960-1990 Planteles campeones % Correcto
1964 Independiente Mario Rodríguez
67%
1980 Nacional Rodolfo Rodríguez
67%
1985 Argentinos Juniors Claudio Borghi
56%
1961 Peñarol Edgardo González
56%
1972 Independiente | 1973 Independiente | 1974 Independiente | +2 others Francisco Sá
56%
1973 Independiente | 1974 Independiente | 1975 Independiente Miguel Ángel López
56%
1967 Racing Club Oscar Martín
56%
1974 Independiente | 1975 Independiente | 1984 Independiente Ricardo Bochini
56%
1980 Nacional Washington González
56%
1986 River Plate Antonio Alzamendi
44%
1968 Estudiantes | 1969 Estudiantes | 1970 Estudiantes Carlos Bilardo
44%
1977 Boca Juniors | 1978 Boca Juniors Jorge Benítez
44%
1984 Independiente Jorge Burruchaga
44%
1975 Independiente José Alberto Pérez
44%
1968 Estudiantes | 1969 Estudiantes | 1970 Estudiantes Juan Ramón Verón
44%
1989 Atlético Nacional Leonel Álvarez
44%
1986 River Plate Norberto Alonso
44%
1962 Santos | 1963 Santos Pelé
44%
1991 Colo-Colo Rubén Martínez
44%
1960 Peñarol | 1961 Peñarol William Martínez
44%
1981 Flamengo Zico
44%
1967 Racing Club Agustín Cejas
33%
1960 Peñarol | 1961 Peñarol | 1966 Peñarol Alberto Spencer
33%
1977 Boca Juniors Alberto Tarantini
33%
1989 Atlético Nacional Alexis García
33%
1987 Peñarol Alfonso Domínguez
33%
1986 River Plate Américo Gallego
33%
1989 Atlético Nacional Andrés Escobar
33%
1984 Independiente Claudio Marangoni
33%
1973 Independiente | 1974 Independiente | 1975 Independiente Daniel Bertoni
33%
1977 Boca Juniors | 1978 Boca Juniors Ernesto Mastrángelo
33%
1991 Colo-Colo Gabriel Mendoza
33%
1989 Atlético Nacional Gildardo Gómez
33%
1982 Peñarol Gustavo Fernández
33%
1977 Boca Juniors | 1978 Boca Juniors Hugo Gatti
33%
1967 Racing Club Humberto Maschio
33%
1989 Atlético Nacional John Jairo Carmona
33%
1985 Argentinos Juniors José Luis Pavoni
33%
1967 Racing Club Juan Carlos Cárdenas
33%
1991 Colo-Colo Marcelo Barticciotto
33%
1973 Independiente Mario Mendoza
33%
1977 Boca Juniors | 1978 Boca Juniors Mario Zanabria
33%
1966 Peñarol Nelson Díaz
33%
1982 Peñarol | 1986 River Plate Nelson Gutiérrez
33%
1986 River Plate Nery Pumpido
33%
1990 Olimpia Remigio Fernández
33%
1972 Independiente | 1973 Independiente | 1974 Independiente | 1975 Independiente Ricardo Pavoni
33%
1977 Boca Juniors | 1978 Boca Juniors Roberto Mouzo
33%
1967 Racing Club Rubén Díaz
33%
1979 Olimpia Rubén Giménez
33%
1985 Argentinos Juniors Sergio Batista
33%
1977 Boca Juniors | 1978 Boca Juniors Vicente Pernía
33%
1985 Argentinos Juniors Adrián Domenech
22%
1972 Independiente | 1973 Independiente | 1974 Independiente | 1975 Independiente Alejandro Semenewicz
22%
1967 Racing Club Alfio Basile
22%
1981 Flamengo Andrade
22%
1984 Independiente Carlos Enrique
22%
1978 Boca Juniors Carlos H. Salinas
22%
1991 Colo-Colo Daniel Morón
22%
1987 Peñarol Daniel Vidal
22%
1987 Peñarol Diego Aguirre
22%
1972 Independiente | 1973 Independiente | 1974 Independiente | 1975 Independiente Eduardo Commisso
22%
1987 Peñarol Eduardo da Silva
22%
1968 Estudiantes | 1969 Estudiantes Eduardo Flores
22%
1985 Argentinos Juniors Emilio Commisso
22%
1985 Argentinos Juniors Enrique Vidallé
22%
1982 Peñarol | 1988 Nacional Ernesto Vargas
22%
1986 River Plate Héctor Enrique
22%
1968 Estudiantes Hugo Medina
22%
1978 Boca Juniors Hugo Perotti
22%
1991 Colo-Colo Jaime Pizarro
22%
1967 Racing Club João Cardoso
22%
1987 Peñarol Jorge Cabrera
22%
1985 Argentinos Juniors Jorge Olguín
22%
1985 Argentinos Juniors Jorge Pellegrini
22%
1970 Estudiantes Jorge Solari
22%
1987 Peñarol José Herrera
22%
1970 Estudiantes José Medina
22%
1972 Independiente José Pastoriza
22%
1991 Colo-Colo Juan Carlos Peralta
22%
1967 Racing Club Juan Carlos Rulli
22%
1988 Nacional Juan C. de Lima
22%
1982 Peñarol Juan V. Morales
22%
1990 Olimpia Juan Z. Ramírez
22%
1980 Nacional Julio César Morales
22%
1971 Nacional Julio C. Morales
22%
1962 Santos | 1963 Santos Lima
22%
1960 Peñarol | 1961 Peñarol | 1971 Nacional Luis Cubilla
22%
1964 Independiente Luis Suárez
22%
1979 Olimpia Luis Torres
22%
1990 Olimpia Mario C. Ramírez
22%
1985 Argentinos Juniors Mario Videla
22%
1967 Racing Club Miguel A. Mori
22%
1972 Independiente | 1973 Independiente Miguel Ángel Santoro
22%
1978 Boca Juniors Miguel Bordón
22%
1991 Colo-Colo Miguel Ramírez
22%
1964 Independiente | 1965 Independiente Miguel Santoro
22%
1984 Independiente Néstor Clausen
22%
1967 Racing Club Norberto Raffo
22%
1968 Estudiantes | 1969 Estudiantes Oscar Malbernat
22%
1986 River Plate Oscar Ruggeri
22%
1966 Peñarol Pablo Forlán
22%
1968 Estudiantes | 1969 Estudiantes Ramón Aguirre Suárez
22%
1989 Atlético Nacional René Higuita
22%
1984 Independiente Ricardo Giusti
22%
1979 Olimpia Roberto Paredes
22%
1967 Racing Club Roberto Perfumo
22%
1986 River Plate Roque Alfaro
22%
1973 Independiente | 1974 Independiente | 1975 Independiente Rubén Galván
22%
1977 Boca Juniors | 1978 Boca Juniors Rubén Suñé
22%
1990 Olimpia Silvio Suárez
22%
1988 Nacional William Castro
22%
1981 Flamengo Adílio
11%
1990 Olimpia Adolfo Jara
11%
1990 Olimpia Adriano Samaniego
11%
1972 Independiente | 1974 Independiente | 1975 Independiente Agustín Balbuena
11%
1989 Atlético Nacional Albeiro Usuriaga
11%
1980 Nacional Alberto Bica
11%
1968 Estudiantes | 1969 Estudiantes Alberto José Poletti
11%
1984 Independiente Alejandro Barberón
11%
1979 Olimpia Alicio Solalinde
11%
1980 Nacional Arsenio Luzardo
11%
1971 Nacional Atilio Ancheta
11%
1962 Santos | 1963 Santos Calvet
11%
1960 Peñarol Carlos Abel Linazza
11%
1960 Peñarol Carlos Borges
11%
1974 Independiente Carlos Gay
11%
1984 Independiente Carlos Goyén
11%
1979 Olimpia Carlos Kiese
11%
1981 Flamengo Carlos Mozer
11%
1968 Estudiantes | 1969 Estudiantes | 1970 Estudiantes Carlos Pachamé
11%
1988 Nacional Carlos Soca
11%
1977 Boca Juniors Carlos Veglio
11%
1985 Argentinos Juniors Carmelo Villalba
11%
1983 Grêmio Casemiro
11%
1983 Grêmio China
11%
1969 Estudiantes Christian Rudzki
11%
1962 Santos | 1963 Santos Coutinho
11%
1962 Santos | 1963 Santos Dalmo
11%
1976 Cruzeiro Darci Menezes
11%
1977 Boca Juniors Darío Felman
11%
1964 Independiente | 1965 Independiente David Acevedo
11%
1962 Santos | 1963 Santos Dorval
11%
1980 Nacional Eduardo de la Peña
11%
1972 Independiente | 1973 Independiente Eduardo Maglioni
11%
1987 Peñarol Eduardo Pereira
11%
1991 Colo-Colo Eduardo Vilches
11%
1979 Olimpia Enrique Villalba
11%
1984 Independiente Enzo Trossero
11%
1979 Olimpia Evaristo Isasi
11%
1979 Olimpia | 1990 Olimpia Ever Almeida
11%
1988 Nacional Felipe Reveléz
11%
1968 Estudiantes Felipe Ribaudo
11%
1990 Olimpia Fermín Balbuena
11%
1963 Santos Geraldino
11%
1980 Nacional | 1983 Grêmio | 1988 Nacional Hugo De León
11%
1972 Independiente Hugo Saggioratto
11%
1970 Estudiantes Hugo Spadaro
11%
1979 Olimpia Hugo Talavera
11%
1984 Independiente Hugo Villaverde
11%
1971 Nacional Ildo Maneiro
11%
1989 Atlético Nacional Jaime Arango
11%
1982 Peñarol Jair Gonçalves
11%
1991 Colo-Colo Javier Margas
11%
1976 Cruzeiro Joãozinho
11%
1989 Atlético Nacional John Jairo Tréllez
11%
1983 Grêmio Jorge Baidek
11%
1988 Nacional Jorge Cardaccio
11%
1986 River Plate Jorge Gordillo
11%
1990 Olimpia Jorge Guasch
11%
1964 Independiente Jorge Maldonado
11%
1988 Nacional Jorge Seré
11%
1980 Nacional José H. Moreira
11%
1977 Boca Juniors José Luis Tesare
11%
1960 Peñarol José Mario Griecco
11%
1987 Peñarol José Perdomo
11%
1988 Nacional José Pintos Saldanha
11%
1961 Peñarol José Sasía
11%
1964 Independiente Juan Carlos Guzmán
11%
1971 Nacional | 1980 Nacional Juan C. Blanco
11%
1965 Independiente Juan C. Guzmán
11%
1970 Estudiantes Juan Echecopar
11%
1986 River Plate Juan Gilberto Funes
11%
1961 Peñarol | 1966 Peñarol Juan Joya
11%
1966 Peñarol Juan Lezcano
11%
1971 Nacional Juan Masnik
11%
1966 Peñarol Julio Abbadie
11%
1966 Peñarol Julio César Cortés
11%
1971 Nacional Julio Montero Castillo
11%
1981 Flamengo Júnior
11%
1966 Peñarol Ladislao Mazurkiewicz
11%
1981 Flamengo Leandro
11%
1991 Colo-Colo Lizardo Garrido
11%
1971 Nacional Luis Artime
11%
1989 Atlético Nacional Luis Fajardo
11%
1972 Independiente Luis Garisto
11%
1990 Olimpia Luis Monzón
11%
1989 Atlético Nacional Luis Perea
11%
1964 Independiente Luis Prospitti
11%
1971 Nacional Luis Ubiña
11%
1971 Nacional Manga
11%
1987 Peñarol Marcelo Rotti
11%
1968 Estudiantes | 1969 Estudiantes | 1970 Estudiantes Marcos Conigliaro
11%
1981 Flamengo Marinho
11%
1982 Peñarol Mario Saralegui
11%
1962 Santos | 1963 Santos Mauro
11%
1983 Grêmio Mazarópi
11%
1962 Santos Mengálvio
11%
1979 Olimpia Miguel A. Piazza
11%
1982 Peñarol Miguel Bossio
11%
1972 Independiente | 1973 Independiente | 1974 Independiente Miguel Raimondo
11%
1976 Cruzeiro Morais
11%
1981 Flamengo Nei Dias
11%
1976 Cruzeiro Nelinho
11%
1970 Estudiantes Néstor Errea
11%
1960 Peñarol | 1966 Peñarol Néstor Gonçalves
11%
1969 Estudiantes | 1970 Estudiantes Néstor Togneri
11%
1981 Flamengo Nunes
11%
1987 Peñarol Obdulio Trasante
11%
1966 Peñarol Omar Caetano
11%
1983 Grêmio Osvaldo
11%
1979 Olimpia Osvaldo Aquino
11%
1965 Independiente Osvaldo Mura
11%
1976 Cruzeiro Palhinha
11%
1983 Grêmio Paulo Roberto
11%
1966 Peñarol Pedro Rocha
11%
1962 Santos | 1963 Santos Pepe
11%
1976 Cruzeiro Piazza
11%
1976 Cruzeiro | 1981 Flamengo Raul
11%
1990 Olimpia Raúl Amarilla
11%
1964 Independiente | 1965 Independiente Raúl Bernao
11%
1965 Independiente Raúl Decaria
11%
1969 Estudiantes Raúl Horacio Madero
11%
1968 Estudiantes Raúl Madero
11%
1964 Independiente | 1965 Independiente Raúl Savoy
11%
1985 Argentinos Juniors Renato Corsi
11%
1983 Grêmio Renato Portaluppi
11%
1975 Independiente Ricardo Ruiz Moreno
11%
1987 Peñarol Ricardo Viera
11%
1964 Independiente | 1965 Independiente Roberto Ferreiro
11%
1965 Independiente Roque Avallay
11%
1991 Colo-Colo Rubén Espinoza
11%
1965 Independiente Rubén Navarro
11%
1970 Estudiantes Rubén Pagnanini
11%
1960 Peñarol Salvador
11%
1988 Nacional Santiago Ostolaza
11%
1983 Grêmio Tarciso
11%
1981 Flamengo | 1983 Grêmio Tita
11%
1964 Independiente Tomás Rolán
11%
1976 Cruzeiro Vanderlei
11%
1965 Independiente Vicente de la Mata Jr.
11%
1982 Peñarol Víctor Diogo
11%
1980 Nacional Waldemar Victorino
11%
1960 Peñarol | 1961 Peñarol Walter Aguerre
11%
1982 Peñarol Walter Olivera
11%
1988 Nacional Yubert Lemos
11%
1976 Cruzeiro Zé Carlos
11%
1962 Santos | 1963 Santos Zito
11%
1986 River Plate Alejandro Montenegro
0%
1983 Grêmio Caio
0%
1976 Cruzeiro Eduardo
0%
1961 Peñarol Ernesto Ledesma
0%
1982 Peñarol Fernando Morena
0%
1962 Santos | 1963 Santos Gilmar
0%
1960 Peñarol | 1961 Peñarol Luis Maidana
0%
1961 Peñarol Núber Cano
0%
1961 Peñarol Roberto Matosas
0%
1976 Cruzeiro Ronaldo
0%
1960 Peñarol Santiago Pino
0%
1984 Independiente Sergio Buffarini
0%
1982 Peñarol Venancio Ramos
0%
1971 Nacional | 1980 Nacional Víctor Espárrago
0%
No se encontraron pruebas coincidentes
Distribución de puntuación
Porcentaje de gente con cada puntuación
Porcentaje por número respondido
Historial de tus puntuaciones
No has intentado esta prueba.